[Event "DVM U14w 2011"]
[Site "Arendsee (Altmark) GER"]
[Date "2011.12.28"]
[Round "4"]
[White "Weiten, Katharina"]
[Black "Michalowski, Sophia"]
[Result "0-1"]
[Termination "normal"]
[Board "8.3"]
[WhiteElo "755"]
[BlackElo "1165"]
[WhiteTeam "SV 1926 Riegelsberg"]
[BlackTeam "SC Uttenreuth"]
[WhiteFideId "12971979"]
[BlackFideId "12902454"]
[EventCountry "GER"]
[EventRounds "7"]
[EventType "team-swiss"]
[EventDate "2011.12.26"]

1. e4 d5 2. exd5 Qxd5 3. Nc3 Qa5 4. d4 Bf5 5. Nf3 c6 6. Bc4 e6 7. Bd2 Qc7 8.
O-O Bd6 9. Re1 Nf6 10. Be3 O-O 11. Ne5 Bxe5 12. dxe5 Rd8 13. Bd4 c5 14. exf6
cxd4 15. Ne2 Qxc4 16. fxg7 Qxc2 17. Nxd4 Qxb2 18. Qa4 Qxd4 19. Qxd4 Rxd4 20.
Rac1 Nc6 21. h3 Rad8 22. Kh2 Rd2 23. Re3 Rxf2 24. Rg3 Rxa2 25. h4 a5 26. Rc4
Rd1 27. Rf3 Rd8 28. Rff4 Rdd2 29. Kg3 Rxg2+ 30. Kf3 Ne5+ 31. Ke3 Nxc4+ 32. Rxc4
Ra3+ 33. Kd4 Rg4+ 34. Kc5 Rxc4+ 35. Kxc4 Ra4+ 36. Kb5 Rxh4 37. Kxa5 e5 38. Kb5
e4 39. Kc4 e3+ 40. Kc3 e2 41. Kd2 Re4 42. Ke1 b5 0-1

[Event "DVM U14w 2011"]
[Site "Arendsee (Altmark) GER"]
[Date "2011.12.28"]
[Round "4"]
[White "Meyer, Franziska"]
[Black "Holschuh, Paulina"]
[Result "1-0"]
[Termination "normal"]
[Board "8.4"]
[WhiteElo "904"]
[BlackElo "725"]
[WhiteTeam "SC Uttenreuth"]
[BlackTeam "SV 1926 Riegelsberg"]
[WhiteFideId "12929530"]
[BlackFideId "16208552"]
[EventCountry "GER"]
[EventRounds "7"]
[EventType "team-swiss"]
[EventDate "2011.12.26"]

1. d4 Nf6 2. e3 Nc6 3. Bd3 d5 4. f4 Bg4 5. Nf3 e6 6. O-O Bb4 7. c3 Ba5 8. b3
O-O 9. Ba3 h6 10. Bxf8 Qxf8 11. Bc2 Bf5 12. Bxf5 exf5 13. Qd3 Qc8 14. Ne5 Qe8
15. Qxf5 Ne7 16. Qh3 Rd8 17. Rf3 Qb5 18. Kf2 Ng6 19. Nxg6 fxg6 20. Qe6+ Kh7 21.
Qf7 Ne4+ 22. Kg1 Nxc3 23. Nxc3 Bxc3 24. Rg3 Rd6 25. Rc1 Qd3 26. Qxc7 Bb4 27.
Qxb7 Qd2 28. Qc7 Ba3 29. Rf1 Re6 30. f5 h5 31. f6 Bf8 32. Qf7 Rd6 33. Qxf8 Rd7
34. Qe8 Qd3 35. Qxd7 1-0

[Event "DVM U14w 2011"]
[Site "Arendsee (Altmark) GER"]
[Date "2011.12.28"]
[Round "4"]
[White "Reyher, Susan"]
[Black "Rosmait, Emily"]
[Result "1-0"]
[Termination "normal"]
[Board "9.1"]
[WhiteElo "1341"]
[BlackElo "1537"]
[WhiteTeam "SV Gryps"]
[BlackTeam "Lübecker SV"]
[WhiteFideId "24686107"]
[BlackFideId "12937754"]
[EventCountry "GER"]
[EventRounds "7"]
[EventType "team-swiss"]
[EventDate "2011.12.26"]

1. e4 e5 2. Nf3 Nc6 3. Bc4 Bc5 4. c3 Nf6 5. d4 exd4 6. cxd4 Bb4+ 7. Bd2 Nxe4 8.
Bxb4 Nxb4 9. Bxf7+ Kxf7 10. Qb3+ d5 11. Qxb4 Re8 12. O-O Kg8 13. Nc3 Nxc3 14.
bxc3 b6 15. Rfe1 Bf5 16. Qb5 Be4 17. Re3 Re6 18. Rae1 Rg6 19. c4 c6 20. Qb3 Kh8
21. g3 dxc4 22. Qxc4 Bd5 23. Qe2 Bf7 24. Ne5 Be8 25. Nxg6+ Bxg6 26. f4 h6 27.
Re6 Bf7 28. Rxc6 Qxd4+ 29. Qe3 Qd7 30. Qc3 Kg8 31. Rc7 Qd5 32. Rc8+ Rxc8 33.
Qxc8+ Kh7 34. Qc2+ Bg6 35. Qg2 Qc5+ 36. Qf2 Qc4 37. Re7 Qc1+ 38. Qe1 Qc5+ 39.
Re3 Qc2 40. Re2 Qc5+ 41. Qf2 Qc1+ 42. Re1 Qc4 43. f5 Bf7 44. Re7 Qc1+ 45. Re1
Qc3 46. Qe3 Qc2 47. a3 Qxf5 48. Qe4 Qxe4 49. Rxe4 a5 50. Kf2 b5 51. Ke3 a4 52.
Kd4 Bc4 53. Kc5 Bf1 54. Rb4 Kg6 55. Rxb5 Kf5 56. Rb4 g5 57. Rxa4 h5 58. Rd4 Be2
59. a4 Ba6 60. a5 Be2 61. Kb6 Ke5 62. Rb4 Kf5 63. a6 Bf3 64. a7 Ba8 65. Kc7 Bf3
66. Kb8 Bc6 67. a8=Q Bxa8 68. Kxa8 Ke5 69. Kb7 Kf5 70. Kc6 1-0

[Event "DVM U14w 2011"]
[Site "Arendsee (Altmark) GER"]
[Date "2011.12.28"]
[Round "4"]
[White "Zech, Anna"]
[Black "Wagner, Swenja"]
[Result "1-0"]
[Termination "normal"]
[Board "9.2"]
[WhiteElo "1176"]
[BlackElo "1249"]
[WhiteTeam "Lübecker SV"]
[BlackTeam "SV Gryps"]
[WhiteFideId "12909424"]
[BlackFideId "12900494"]
[EventCountry "GER"]
[EventRounds "7"]
[EventType "team-swiss"]
[EventDate "2011.12.26"]

1. e4 e5 2. Nf3 Nc6 3. Bb5 a6 4. Bxc6 dxc6 5. O-O Bg4 6. h3 h5 7. d3 Qf6 8.
Nbd2 Ne7 9. b3 Ng6 10. Bb2 Bd6 11. c4 Nf4 12. d4 Bxh3 13. dxe5 Qg6 14. Nh4 Qg5
15. Ndf3 Qh6 16. exd6 Bg4 17. dxc7 O-O 18. Bc1 Qf6 19. Bxf4 Qxf4 20. e5 g5 21.
g3 Qe4 22. Re1 Qh7 23. Nxg5 Bxd1 24. Nxh7 Kxh7 25. Raxd1 Rac8 26. Rd7 Rfe8 27.
Rxf7+ Kg8 28. Rd7 Kf8 29. Ng6+ Kg8 30. e6 b5 31. e7 1-0

[Event "DVM U14w 2011"]
[Site "Arendsee (Altmark) GER"]
[Date "2011.12.28"]
[Round "4"]
[White "Melüh, Vanessa"]
[Black "Kusanowa, Maria"]
[Result "0-1"]
[Termination "normal"]
[Board "9.3"]
[WhiteElo "800"]
[BlackElo "890"]
[WhiteTeam "SV Gryps"]
[BlackTeam "Lübecker SV"]
[EventCountry "GER"]
[EventRounds "7"]
[EventType "team-swiss"]
[EventDate "2011.12.26"]

1. e4 e5 2. Nf3 Nc6 3. Nc3 Nf6 4. Bb5 a6 5. Ba4 Bb4 6. a3 Ba5 7. d4 d6 8. Bg5
h6 9. Bh4 Bg4 10. h3 Bh5 11. O-O O-O 12. dxe5 dxe5 13. Re1 g5 14. Nxg5 Bxd1 15.
Raxd1 Nd4 16. Nf3 Nxf3+ 17. Kf1 Nd4 18. Bxf6 Qxf6 19. Na2 b5 20. Bb3 Nxb3 21.
cxb3 Rad8 22. a4 bxa4 23. bxa4 Bb6 24. Nb4 Qxf2# 0-1

[Event "DVM U14w 2011"]
[Site "Arendsee (Altmark) GER"]
[Date "2011.12.28"]
[Round "4"]
[White "Mushket, Alexsandra"]
[Black "Decker, Martha"]
[Result "1-0"]
[Termination "normal"]
[Board "9.4"]
[WhiteElo "800"]
[BlackElo "800"]
[WhiteTeam "Lübecker SV"]
[BlackTeam "SV Gryps"]
[EventCountry "GER"]
[EventRounds "7"]
[EventType "team-swiss"]
[EventDate "2011.12.26"]

1. e4 e5 2. Nf3 Nf6 3. Nxe5 Nxe4 4. Qe2 d5 5. Nc3 c6 6. Nxe4 Bb4 7. a3 Ba5 8.
Ng3 O-O 9. Qh5 g6 10. Qh6 Be6 11. Bd3 Qe8 12. O-O c5 13. b4 cxb4 14. axb4 Bxb4
15. Bb2 Bc5 16. Nf3 Bd7 17. Qg7# 1-0

[Event "DVM U14w 2011"]
[Site "Arendsee (Altmark) GER"]
[Date "2011.12.29"]
[Round "5"]
[White "Nobis, Anna"]
[Black "Manusina, Nicole"]
[Result "0-1"]
[Termination "normal"]
[Board "1.1"]
[WhiteElo "1560"]
[BlackElo "1752"]
[WhiteTeam "Chemnitzer SC Aufbau '95"]
[BlackTeam "SG Oesede-Georgsmarienhütte"]
[WhiteFideId "1270302"]
[BlackFideId "24657514"]
[EventCountry "GER"]
[EventRounds "7"]
[EventType "team-swiss"]
[EventDate "2011.12.26"]

1. e4 c6 2. d4 d5 3. exd5 cxd5 4. c4 Nf6 5. Nc3 Nc6 6. Nf3 Bg4 7. cxd5 Nxd5 8.
Qb3 Bxf3 9. gxf3 e6 10. Be3 Nb6 11. O-O-O Rc8 12. Rg1 Qf6 13. Be2 Bb4 14. Bb5
Bxc3 15. bxc3 O-O 16. Bg5 Qg6 17. Kb2 Qh5 18. h4 Kh8 19. Rg4 Nd5 20. Bd3 h6 21.
Be3 f5 22. Rgg1 Qxf3 23. Rde1 Rfe8 24. Rg3 Qh5 25. Rh3 Na5 26. Qa4 b6 27. Bd2
Nf6 28. c4 Qg4 29. Rhe3 Qxd4+ 30. Bc3 Qd8 31. Kc2 f4 32. Rxe6 Rxe6 33. Rxe6 Nb7
34. Rc6 Ra8 35. Qb5 Nc5 36. Bg6 Qe7 37. Kb1 Rd8 38. Bc2 Kg8 39. Qb2 Ncd7 40.
Qc1 f3 41. Qg1 Ne5 42. Bxe5 Qxe5 43. a3 Kf8 44. Qg6 Re8 45. Qf5 Qxf5 46. Bxf5
Re2 47. Rc8+ Ke7 48. Rc7+ Kd6 49. Rxg7 Rxf2 50. Bh3 Rh2 51. Rg3 f2 52. Rf3 Ne4
53. Kc1 Rxh3 0-1

[Event "DVM U14w 2011"]
[Site "Arendsee (Altmark) GER"]
[Date "2011.12.29"]
[Round "5"]
[White "Böhm, Jana"]
[Black "Kempe, Anne"]
[Result "0-1"]
[Termination "normal"]
[Board "1.2"]
[WhiteElo "1723"]
[BlackElo "1648"]
[WhiteTeam "SG Oesede-Georgsmarienhütte"]
[BlackTeam "Chemnitzer SC Aufbau '95"]
[WhiteFideId "24661589"]
[BlackFideId "12918083"]
[EventCountry "GER"]
[EventRounds "7"]
[EventType "team-swiss"]
[EventDate "2011.12.26"]

1. e4 c5 2. c3 d5 3. exd5 Qxd5 4. d4 Nc6 5. Nf3 Nf6 6. Na3 Bg4 7. Be2 e6 8. O-O
Be7 9. Be3 O-O 10. dxc5 Rfd8 11. h3 Bh5 12. b4 Qxd1 13. Raxd1 Nd5 14. Bd2 Bf6
15. Nc4 Bxc3 16. a3 Bxd2 17. Rxd2 Nc3 18. Nd6 Nxe2+ 19. Rxe2 Bxf3 20. gxf3 b6
21. Ne4 bxc5 22. Nxc5 Rd5 23. Ne4 a5 24. Rb2 axb4 25. axb4 Nd4 26. Kg2 Ra3 27.
Rc1 h6 28. Rc5 Nxf3 29. Rxd5 exd5 30. Nc5 Ne1+ 31. Kf1 Nd3 32. Nxd3 Rxd3 33. b5
Rc3 34. b6 Rc8 35. b7 Rb8 36. Ke2 Kf8 37. Kd3 Ke7 38. Kd4 Kd6 39. h4 Kc6 40. f3
Rxb7 41. Rxb7 Kxb7 42. Kxd5 Kc7 43. Ke5 Kd7 44. Ke4 Ke6 45. Kf4 Kf6 46. Kg4 Ke5
47. f4+ Ke4 48. f5 Ke5 49. Kh5 Kf6 50. Kg4 g6 51. fxg6 fxg6 52. Kf4 Ke6 53. Ke4
Kf7 54. Ke5 Ke7 55. h5 g5 56. Kf5 Kd6 57. Kg4 Ke5 58. Kg3 Kf5 59. Kf3 g4+ 60.
Kg3 Kg5 61. Kf2 Kxh5 62. Kg3 Kg5 0-1

[Event "DVM U14w 2011"]
[Site "Arendsee (Altmark) GER"]
[Date "2011.12.29"]
[Round "5"]
[White "Hartewig, Anja"]
[Black "Hinzke, Anna-Lena"]
[Result "1-0"]
[Termination "normal"]
[Board "1.3"]
[WhiteElo "1607"]
[BlackElo "1376"]
[WhiteTeam "Chemnitzer SC Aufbau '95"]
[BlackTeam "SG Oesede-Georgsmarienhütte"]
[WhiteFideId "12917966"]
[BlackFideId "12928704"]
[EventCountry "GER"]
[EventRounds "7"]
[EventType "team-swiss"]
[EventDate "2011.12.26"]

1. d4 d5 2. c4 e6 3. Nf3 Nf6 4. g3 Be7 5. Bg2 O-O 6. O-O b6 7. cxd5 Nxd5 8. e4
Nf6 9. Qc2 c5 10. Rd1 Nbd7 11. Ng5 g6 12. Nc3 cxd4 13. Rxd4 Bc5 14. Rd1 Ng4 15.
Nh3 Qc7 16. Qe2 h5 17. Nb5 Ba6 18. Nxc7 Bxe2 19. Rxd7 Rad8 20. Rxd8 Rxd8 21.
Bf4 Rd7 22. Re1 Bd3 23. Rd1 e5 24. Bc1 Bxf2+ 25. Nxf2 Nxf2 26. Kxf2 Rxc7 27.
Rxd3 Rxc1 28. Ke3 Rc2 29. Rd2 Rc7 30. Bf1 Kg7 31. Be2 Rc5 32. Rd5 Rc2 33. Rxe5
Rxb2 34. Bc4 Rxh2 35. Re7 Rh3 36. Rxf7+ Kh6 37. Rf3 Kg5 38. e5 h4 39. gxh4+
Rxh4 40. e6 Rxc4 41. e7 Rc1 42. Kd2 1-0

[Event "DVM U14w 2011"]
[Site "Arendsee (Altmark) GER"]
[Date "2011.12.29"]
[Round "5"]
[White "Wang, Yanru"]
[Black "Nitzsche, Pia"]
[Result "0-1"]
[Termination "normal"]
[Board "1.4"]
[WhiteElo "1246"]
[BlackElo "1543"]
[WhiteTeam "SG Oesede-Georgsmarienhütte"]
[BlackTeam "Chemnitzer SC Aufbau '95"]
[WhiteFideId "12929328"]
[BlackFideId "12900370"]
[EventCountry "GER"]
[EventRounds "7"]
[EventType "team-swiss"]
[EventDate "2011.12.26"]

1. f4 d5 2. b3 Nf6 3. Bb2 g6 4. Nf3 Bg7 5. e3 O-O 6. Be2 c5 7. O-O Nc6 8. Qc1
b6 9. d3 Bb7 10. h3 Rc8 11. Nbd2 Qc7 12. Nh2 d4 13. e4 Rcd8 14. a3 e6 15. Qe1
Ne7 16. Qh4 Qc6 17. Bf3 Qc7 18. Be2 a6 19. g4 Ne8 20. Rac1 Nd6 21. Rf2 Nb5 22.
Bf1 Nc3 23. f5 exf5 24. exf5 Ned5 25. Bg2 Be5 26. Nhf1 Ne3 27. Bxb7 Qxb7 28.
Nf3 Bf4 0-1

[Event "DVM U14w 2011"]
[Site "Arendsee (Altmark) GER"]
[Date "2011.12.29"]
[Round "5"]
[White "Mehling, Katharina"]
[Black "Wiesner, Paula"]
[Result "1/2-1/2"]
[Termination "normal"]
[Board "2.1"]
[WhiteElo "1663"]
[BlackElo "1780"]
[WhiteTeam "SpVgg Stetten"]
[BlackTeam "Karlsruher SF"]
[WhiteFideId "12900362"]
[BlackFideId "24654019"]
[EventCountry "GER"]
[EventRounds "7"]
[EventType "team-swiss"]
[EventDate "2011.12.26"]

1. d4 d5 2. Nc3 Nf6 3. Bg5 Bf5 4. f3 Nbd7 5. Nxd5 Nxd5 6. e4 Be6 7. exd5 Bxd5
8. c4 Be6 9. Bd3 c6 10. Ne2 Nb6 11. Qc2 g6 12. O-O Bg7 13. Be3 Qd7 14. Rad1 Bf5
15. Be4 O-O 16. b3 e6 17. Bxf5 exf5 18. Nf4 Qc7 19. d5 cxd5 20. Nxd5 Nxd5 21.
Rxd5 b6 22. Rfd1 Rad8 23. Qd2 Rxd5 24. Qxd5 Re8 25. Qd2 Bf6 26. Bf4 1/2-1/2

[Event "DVM U14w 2011"]
[Site "Arendsee (Altmark) GER"]
[Date "2011.12.29"]
[Round "5"]
[White "Romanova, Alena"]
[Black "Bosse, Lea"]
[Result "1-0"]
[Termination "normal"]
[Board "2.2"]
[WhiteElo "1509"]
[BlackElo "1631"]
[WhiteTeam "Karlsruher SF"]
[BlackTeam "SpVgg Stetten"]
[WhiteFideId "12918784"]
[BlackFideId "12900419"]
[EventCountry "GER"]
[EventRounds "7"]
[EventType "team-swiss"]
[EventDate "2011.12.26"]

1. e4 e6 2. d4 d5 3. Nc3 Bb4 4. e5 c5 5. f4 Nc6 6. Nf3 Nge7 7. a3 Bxc3+ 8. bxc3
cxd4 9. cxd4 Qb6 10. c3 O-O 11. g4 f6 12. exf6 Rxf6 13. Bd3 Bd7 14. Qc2 g6 15.
h4 Rf7 16. h5 Rg7 17. Qh2 Be8 18. hxg6 Bxg6 19. Bxg6 Nxg6 20. f5 exf5 21. gxf5
Re8+ 22. Kf2 Qa6 23. Be3 Nf8 24. Rag1 Qd3 25. Rxg7+ Kxg7 26. Qh6+ Kf7 27. Qh5+
Ke7 28. Bg5+ Kd7 29. Qf7+ Ne7 30. Ne5+ 1-0

[Event "DVM U14w 2011"]
[Site "Arendsee (Altmark) GER"]
[Date "2011.12.29"]
[Round "5"]
[White "Schneider, Jana"]
[Black "Bykov, Ilona"]
[Result "1-0"]
[Termination "normal"]
[Board "2.3"]
[WhiteElo "1423"]
[BlackElo "800"]
[WhiteTeam "SpVgg Stetten"]
[BlackTeam "Karlsruher SF"]
[WhiteFideId "12924997"]
[BlackFideId "12964433"]
[EventCountry "GER"]
[EventRounds "7"]
[EventType "team-swiss"]
[EventDate "2011.12.26"]

1. e4 e5 2. Nf3 Nc6 3. d4 exd4 4. Nxd4 Bc5 5. Be3 Qf6 6. c3 Nge7 7. Bc4 O-O 8.
O-O a6 9. Qd2 d6 10. Nxc6 Nxc6 11. Bxc5 dxc5 12. Qe3 Qg6 13. Nd2 Re8 14. Rfe1
Re5 15. f4 Rh5 16. Qg3 Qxg3 17. hxg3 b5 18. Bd5 Bb7 19. Nb3 Rb8 20. Nxc5 Na5
21. Rad1 h6 22. Bxb7 Nxb7 23. Nxa6 Ra8 24. Nxc7 Rxa2 25. Re2 Nc5 26. Rd5 Rxd5
27. exd5 Ra5 28. b4 Ra1+ 29. Kh2 Nd7 30. Nxb5 Rd1 31. c4 Rb1 32. Re7 Nf6 33. d6
Kf8 34. Rc7 Ke8 35. c5 Rxb4 36. c6 Rxb5 37. Rc8# 1-0

[Event "DVM U14w 2011"]
[Site "Arendsee (Altmark) GER"]
[Date "2011.12.29"]
[Round "5"]
[White "Henke, Hanna"]
[Black "Binner, Jule"]
[Result "0-1"]
[Termination "normal"]
[Board "2.4"]
[WhiteElo "775"]
[BlackElo "894"]
[WhiteTeam "Karlsruher SF"]
[BlackTeam "SpVgg Stetten"]
[WhiteFideId "12964441"]
[BlackFideId "16205332"]
[EventCountry "GER"]
[EventRounds "7"]
[EventType "team-swiss"]
[EventDate "2011.12.26"]

1. e4 c5 2. Nf3 d6 3. c3 a6 4. Be2 b5 5. O-O Bb7 6. Qc2 Nc6 7. Re1 e6 8. d4
cxd4 9. cxd4 Qc7 10. Bd3 Qa5 11. Bd2 Qb6 12. Nc3 Nxd4 13. Nxd4 Qxd4 14. Be3 Qf6
15. Qd2 Be7 16. Bg5 Qg6 17. Bf4 Nf6 18. f3 e5 19. Be3 O-O 20. Qc2 Rac8 21. Rad1
b4 22. Qb3 Rb8 23. Nd5 Nxd5 24. exd5 Qf6 25. Be4 h6 26. Rc1 Rfd8 27. Rc2 Qh4
28. Bf2 Qh5 29. Bb6 Re8 30. Qxb4 Qg5 31. Bc7 a5 32. Qb5 Rec8 33. Bxb8 Rxc2 34.
Bxc2 Qd2 35. Qe2 Qd4+ 36. Qf2 Qxd5 37. Qa7 Qd2 38. Qf2 Qd5 39. Be4 Qb5 40. Bxb7
Qxb7 41. Ba7 Bh4 42. Qxh4 Qxa7+ 43. Qf2 Qe7 44. Rc1 Qe6 45. Rc3 Qxa2 46. Qc2 g6
47. Rc8+ Kg7 48. Qc4 Qb1+ 49. Qc1 Qf5 50. Qc2 Qf6 51. Qb1 Qe6 52. Ra8 Qd5 53.
Ra7 Qc5+ 54. Kf1 Qxa7 55. Qd3 Qd4 56. Qe2 f5 57. Qa6 Qd1+ 58. Kf2 Qd2+ 59. Kf1
g5 60. Qb7+ Kg6 61. Qe7 Qd3+ 62. Kf2 Qd4+ 63. Kf1 Qd5 64. Qe8+ Qf7 65. Qb5 g4
66. Kf2 gxf3 67. Kxf3 e4+ 68. Ke3 Qa7+ 69. Ke2 f4 70. Qe8+ Kf5 71. Qf8+ Ke5 72.
Qe8+ Kd5 73. Qg8+ Kc5 74. Qc8+ Kb4 75. Qc3+ Kb5 76. Qb3+ Kc6 77. Qc3+ Qc5 78.
g3 f3+ 79. Kd1 Kd5 80. Qb3+ Qc4 81. Qb7+ Ke6 82. b3 Qd3+ 83. Kc1 Qc3+ 84. Kd1
d5 85. Qb6+ Ke5 86. h4 Qa1+ 87. Kc2 f2 88. Qxf2 Qa2+ 89. Kc3 Qxf2 90. b4 axb4+
91. Kxb4 Qxg3 92. h5 Qd3 93. Kc5 Qc4+ 94. Kb6 d4 95. Kb7 Qc5 96. Ka8 Qb4 97.
Ka7 Kd6 98. Ka8 Kc6 99. Ka7 Qb7# 0-1

[Event "DVM U14w 2011"]
[Site "Arendsee (Altmark) GER"]
[Date "2011.12.29"]
[Round "5"]
[White "Höschen, Franziska"]
[Black "Heinemann, Josefine"]
[Result "0-1"]
[Termination "normal"]
[Board "3.1"]
[WhiteElo "1377"]
[BlackElo "1800"]
[WhiteTeam "SF Paderborn"]
[BlackTeam "USC Magdeburg"]
[BlackFideId "12900460"]
[EventCountry "GER"]
[EventRounds "7"]
[EventType "team-swiss"]
[EventDate "2011.12.26"]

1. e4 c5 2. Nc3 Nc6 3. g3 g6 4. Bg2 Bg7 5. d3 d6 6. Be3 e5 7. Qd2 Nge7 8. Bh6
O-O 9. h4 Bxh6 10. Qxh6 f6 11. O-O-O Be6 12. Nge2 Nd4 13. Qe3 b5 14. Nd5 Bxd5
15. exd5 Nef5 16. Qd2 b4 17. c3 Nxe2+ 18. Qxe2 bxc3 19. bxc3 Rb8 20. Kc2 Qa5
21. Ra1 Qa4+ 22. Kc1 Qa3+ 23. Kd1 Rb2 24. Qe1 Qa4+ 25. Kc1 Qc2# 0-1

[Event "DVM U14w 2011"]
[Site "Arendsee (Altmark) GER"]
[Date "2011.12.29"]
[Round "5"]
[White "Peschos, Celine"]
[Black "Bürger, Jessica"]
[Result "1/2-1/2"]
[Termination "normal"]
[Board "3.2"]
[WhiteElo "1442"]
[BlackElo "1270"]
[WhiteTeam "USC Magdeburg"]
[BlackTeam "SF Paderborn"]
[BlackFideId "12917974"]
[EventCountry "GER"]
[EventRounds "7"]
[EventType "team-swiss"]
[EventDate "2011.12.26"]

1. e4 e5 2. Nf3 Nc6 3. d4 exd4 4. Nxd4 Nxd4 5. Qxd4 d6 6. Nc3 Nf6 7. Bd3 Be7 8.
O-O O-O 9. Bd2 h6 10. f4 Nd7 11. Kh1 Bf6 12. Qe3 Re8 13. Rae1 c6 14. Qf3 Qc7
15. Nd1 b5 16. Bc3 Bxc3 17. Nxc3 Bb7 18. Ne2 Re7 19. Ng3 g6 20. Qg4 Nf6 21. Qf3
Nd7 22. f5 Ne5 23. Qd1 Nxd3 24. cxd3 Kh7 25. fxg6+ 1/2-1/2

[Event "DVM U14w 2011"]
[Site "Arendsee (Altmark) GER"]
[Date "2011.12.29"]
[Round "5"]
[White "Schrödter, Lisa"]
[Black "Zander, Carolin"]
[Result "1-0"]
[Termination "normal"]
[Board "3.3"]
[WhiteElo "1104"]
[BlackElo "909"]
[WhiteTeam "SF Paderborn"]
[BlackTeam "USC Magdeburg"]
[EventCountry "GER"]
[EventRounds "7"]
[EventType "team-swiss"]
[EventDate "2011.12.26"]

1. e4 e5 2. Nf3 Nc6 3. Bc4 Bc5 4. Nc3 Nf6 5. d3 a6 6. O-O Na5 7. Nxe5 Bd4 8.
Nxf7 Qe7 9. Nxh8 Nxc4 10. dxc4 Bxc3 11. bxc3 Nxe4 12. Re1 d6 13. Qf3 Be6 14.
Rxe4 O-O-O 15. Rb1 c6 16. Bg5 Qxg5 17. Rxe6 Rxh8 18. Qf7 Qd8 19. Qxb7# 1-0

[Event "DVM U14w 2011"]
[Site "Arendsee (Altmark) GER"]
[Date "2011.12.29"]
[Round "5"]
[White "Merker, Vivien"]
[Black "Höschen, Annika"]
[Result "1-0"]
[Termination "normal"]
[Board "3.4"]
[WhiteElo "1089"]
[BlackElo "1261"]
[WhiteTeam "USC Magdeburg"]
[BlackTeam "SF Paderborn"]
[WhiteFideId "12927260"]
[EventCountry "GER"]
[EventRounds "7"]
[EventType "team-swiss"]
[EventDate "2011.12.26"]

1. e4 c5 2. Nf3 Nc6 3. d4 cxd4 4. Nxd4 g6 5. Be3 Bg7 6. Nc3 Nf6 7. g3 O-O 8.
Bg2 d6 9. O-O e5 10. Nxc6 bxc6 11. Qd2 Ng4 12. Bg5 f6 13. Be3 Nxe3 14. Qxe3 Be6
15. Rad1 Rf7 16. Qd2 Rd7 17. f4 Bh6 18. b3 Bg4 19. Rde1 Qb6+ 20. Kh1 Qd4 21.
Qxd4 exd4 22. Na4 Be6 23. e5 d5 24. Nc5 Re7 25. exf6 Ree8 26. Nxe6 Kf7 27. Ng5+
Bxg5 28. fxg5 Rxe1 29. Rxe1 Re8 30. Rxe8 Kxe8 31. h4 Kf7 32. Kg1 h6 33. Kf2
hxg5 34. hxg5 Ke6 35. Bh3+ Kf7 36. Bd7 c5 37. Ke2 a5 38. a4 c4 39. bxc4 dxc4
40. Bb5 c3 41. Kd3 Ke6 42. Kxd4 Kd6 43. Kxc3 Ke6 44. Bd3 Kf7 45. Kc4 Ke6 46.
Kb5 Kf7 47. Kxa5 Ke6 48. Kb6 Kd6 49. a5 Kd7 50. a6 Kd6 51. a7 Ke6 52. a8=Q Kd6
53. f7 Ke5 54. f8=Q Kd4 55. Qa4+ Kd5 56. Qc5+ Ke6 57. Qac6+ Kf7 58. Bc4+ Kg7
59. Qe7+ Kh8 60. Qc8# 1-0

[Event "DVM U14w 2011"]
[Site "Arendsee (Altmark) GER"]
[Date "2011.12.29"]
[Round "5"]
[White "Winterberg, Johanna"]
[Black "Siegl, Melina"]
[Result "1/2-1/2"]
[Termination "normal"]
[Board "4.1"]
[WhiteElo "1263"]
[BlackElo "1771"]
[WhiteTeam "SV Breitenworbis"]
[BlackTeam "SC 1923 Bechhofen"]
[WhiteFideId "12929344"]
[BlackFideId "1272126"]
[EventCountry "GER"]
[EventRounds "7"]
[EventType "team-swiss"]
[EventDate "2011.12.26"]

1. e4 c5 2. Nf3 Nc6 3. d4 cxd4 4. Nxd4 g6 5. c4 Bg7 6. Be3 Nf6 7. Nc3 O-O 8.
Be2 Nxd4 9. Bxd4 d6 10. O-O b6 11. f4 Bb7 12. Bf3 Rc8 13. Qd3 Ba6 14. b3 Qc7
15. Qd2 Rfd8 16. Rfe1 Ne8 17. Bxg7 Nxg7 18. Nd5 Qc5+ 19. Qe3 Kf8 20. Qxc5 dxc5
21. Rad1 Bb7 22. Nc3 h5 23. Rxd8+ Rxd8 24. Rd1 Rxd1+ 25. Nxd1 Ne6 26. g3 Nd4
27. Kf2 e6 28. Nc3 Ke7 29. Ne2 Nc2 30. e5 Bxf3 31. Kxf3 Nb4 32. Nc3 Kd7 33. h3
Nc6 1/2-1/2

[Event "DVM U14w 2011"]
[Site "Arendsee (Altmark) GER"]
[Date "2011.12.29"]
[Round "5"]
[White "Alsheimer, Lea"]
[Black "Richardt, Angelina"]
[Result "1/2-1/2"]
[Termination "normal"]
[Board "4.2"]
[WhiteElo "1287"]
[BlackElo "1154"]
[WhiteTeam "SC 1923 Bechhofen"]
[BlackTeam "SV Breitenworbis"]
[WhiteFideId "12918180"]
[BlackFideId "12938149"]
[EventCountry "GER"]
[EventRounds "7"]
[EventType "team-swiss"]
[EventDate "2011.12.26"]

1. d4 Nf6 2. Nf3 d6 3. e3 Nbd7 4. Bd3 e5 5. dxe5 dxe5 6. e4 Be7 7. Nbd2 O-O 8.
b3 Bd6 9. Bb2 Qe7 10. O-O a5 11. Nh4 Nc5 12. Re1 Re8 13. Nf1 Nfxe4 14. Bxe4
Qxh4 15. Bd5 Be6 16. Bxe5 Bxe5 17. Rxe5 Rad8 18. Qf3 Bxd5 19. Rxe8+ Rxe8 20.
Qxd5 b6 21. Re1 Qd8 22. Qxd8 Rxd8 23. h4 h6 24. g3 Kf8 25. Kg2 Ne6 26. Ne3 Rd2
27. Rd1 Rd4 28. c3 Rxd1 29. Nxd1 Nc5 30. b4 axb4 31. cxb4 Nd3 32. a3 Ne1+ 33.
Kh3 Nc2 34. Ne3 Nxa3 35. Nd5 Nb5 36. Kg4 c5 37. bxc5 bxc5 38. Nb6 Ke7 39. Kf4
Kd6 40. Ke4 Kc6 41. Nc4 f6 42. Kd3 Nd6 43. Ne3 Kb5 44. f3 Kb4 45. g4 Kb3 46.
Ke2 c4 47. Kd2 Kb2 48. Nd1+ Kb3 49. Ne3 Nb5 50. Nf5 c3+ 51. Kc1 c2 52. Ng3 Nd4
53. f4 Kc3 54. Ne4+ Kb3 55. Nc5+ Kc4 56. Ne4 Kb3 57. Nc5+ Kc4 58. Ne4 Kb3 59.
Nc5+ Kc3 60. Ne4+ 1/2-1/2

[Event "DVM U14w 2011"]
[Site "Arendsee (Altmark) GER"]
[Date "2011.12.29"]
[Round "5"]
[White "Hendus, Isabelle"]
[Black "Böse, Christina"]
[Result "1/2-1/2"]
[Termination "normal"]
[Board "4.3"]
[WhiteElo "1081"]
[BlackElo "1112"]
[WhiteTeam "SV Breitenworbis"]
[BlackTeam "SC 1923 Bechhofen"]
[WhiteFideId "12964530"]
[BlackFideId "12929654"]
[EventCountry "GER"]
[EventRounds "7"]
[EventType "team-swiss"]
[EventDate "2011.12.26"]

1. d4 d5 2. c4 Nf6 3. Nc3 e6 4. Bg5 Be7 5. e3 b6 6. cxd5 exd5 7. Nf3 Nbd7 8.
Bd3 Bb7 9. Rc1 c5 10. dxc5 Nxc5 11. Bb1 O-O 12. O-O Qd6 13. Qc2 g6 14. Rfd1 Qd7
15. Bxf6 Bxf6 16. e4 Bxc3 17. Qxc3 Qe6 18. exd5 Bxd5 19. Qe5 Bxf3 20. Qxe6 Nxe6
21. gxf3 Rad8 22. a3 Rxd1+ 23. Rxd1 Rc8 24. Ba2 Rc6 25. Re1 Kg7 26. Kg2 Kf6 27.
Rd1 Rc2 28. Rd7 Rxb2 29. Bxe6 Kxe6 30. Rxa7 h5 31. Ra6 Kf5 32. Kg3 g5 33. h4
Ra2 1/2-1/2